مكتبة جامعة عجلون الوطنية

فهرس بحث المكتبة

Normal view MARC view
  • السكان - البيئة والانسان - الجغرافية البشرية - السلالات البشرية

Entry Topical Term

Number of records used in: 1

001 - CONTROL NUMBER

  • control field: 20431

003 - CONTROL NUMBER IDENTIFIER

  • control field: JO-AjAnu

005 - DATE AND TIME OF LATEST TRANSACTION

  • control field: 20230606073544.0

008 - FIXED-LENGTH DATA ELEMENTS

  • fixed length control field: 230606|| aca||aabn | a|a d

040 ## - CATALOGING SOURCE

  • Original cataloging agency: JO-AjAnu
  • Transcribing agency: JO-AjAnu

150 ## - HEADING--TOPICAL TERM

  • Topical term or geographic name entry element: السكان - البيئة والانسان - الجغرافية البشرية - السلالات البشرية

670 ## - SOURCE DATA FOUND

  • Source citation: Work cat.: (JO-AjAnu)10491: الصقار، فؤاد محمد، م.مشارك محمد رشيد الفيل, author 20430, أصول الجغرافية البشرية